| 000 | 00431nam a2200181Ia 4500 | ||
|---|---|---|---|
| 008 | 210210b1952 xxu||||| |||| 00| 0 eng d | ||
| 041 | _aeng | ||
| 082 | _a821/337 | ||
| 100 | _aKENNEDY (C W) | ||
| 245 | _aEarly english christian poetry | ||
| 260 |
_aLondon _bHollis and Carter _c1952 |
||
| 650 | _apoetry | ||
| 650 | _aenglish | ||
| 650 | _aEarly | ||
| 650 | _achristian | ||
| 690 | _aEnglish Literature | ||
| 906 | _a011506 | ||
| 999 |
_c130183 _d130183 |
||